Score 0/20 Timer 03:00
3 Plays Today
% Correct
Kale
95.2%
Kiwi
95%
Kenya
92.5%
Kuwait
91.7%
Kosovo
89%
Kyiv
87.4%
Knot
86.9%
Kebab
76.3%
Kabul
67.4%
Kippers
66.9%
% Correct
Kyrgyzstan
52%
Kidney
50.6%
Kingfisher
50.1%
Kingstown
46.7%
Kiribati
45.4%
Ketchup
39%
Khartoum
31.4%
Kestrel
31.1%
Kookaburra
28.7%
Kinshasa
24.3%

You're not logged in!

Compare scores with friends on all Sporcle quizzes.
OR
Log In

Sporcle TV

Today on Sporcle TV


Watch our educational content, quiz creation guides, and fun videos on Sporcle TV.

Show Comments

Extras

Top Quizzes Today


Score Distribution

Your Account Isn't Verified!

In order to create a playlist on Sporcle, you need to verify the email address you used during registration. Go to your Sporcle Settings to finish the process.

Report this User

Report this user for behavior that violates our Community Guidelines.

Details: